| 000 | 00528nam a2200157 a 4500 | ||
|---|---|---|---|
| 008 | 120416s1976 ||||||||||||||||| || u | ||
| 050 | _aHF 5667 Gup | ||
| 100 | _aGupta, Kamal | ||
| 245 | 1 | 0 | _aContemporary auditing |
| 260 |
_aNew Delhi _bMcGraw-Hill _c1976 |
||
| 300 | _axii, 578p. : ill. | ||
| 350 | _a0.00 | ||
| 650 | _aAUDITING--CONTEMPORARY | ||
| 650 | _aAUDITING | ||
| 995 |
_D0.00 _FCBU-MAIN LIBRARY (Kitwe) _H1 _I0.00 _M1 _UAVAILABLE _ZAnnex Low-Usage Collection |
||
| 999 |
_c38621 _d38621 |
||